La trilogía de los Trípodes II. La ciudad de oro y de plomo

Kaydedildi:
Detaylı Bibliyografya
Yazar: Christopher, John (Yazar)
Materyal Türü: Kitap
Dil:İspanyolca
Baskı/Yayın Bilgisi: Madrid Santillana 1984
Seri Bilgileri:Juvenil Alfaguara, 96
Konular:
Etiketler: Etiketle
Etiket eklenmemiş, İlk siz ekleyin!

MARC

LEADER 00000nam a2200000 a 4500
001 UCH9788
003 CL-VaPUC
008 100121e19840000SP |||||||||||||||||spa|d
020 |a 842043907X 
082 0 4 |a 823  |b CHR  |2 21 
100 0 |a Christopher, John  |e author  |9 547058 
245 1 3 |a La trilogía de los Trípodes II. La ciudad de oro y de plomo 
300 |a 167 p 
942 |c BK 
945 |d 20100121 00:00:00  |a dcastane 
260 |a Madrid  |b Santillana  |c 1984 
650 0 |a Literatura inglesa  |9 312907 
650 0 |a Novelas inglesas  |9 265220 
650 0 |a Ciencia ficción   |9 314542 
650 0 |a Fantasía  |9 309645 
583 |a last modification  |c 20100121 00:00:00  |k Rodrigo Vera 
490 0 |a Juvenil Alfaguara, 96 
999 |c 339677  |d 339675